| 000 | 00645nam a2200205 a 4500 | ||
|---|---|---|---|
| 001 | 5388 | ||
| 003 | CDMR | ||
| 005 | 20131210180320.0 | ||
| 008 | 130130s1986||||||||||||||||||||||||||||d | ||
| 020 | _a8476520077 | ||
| 040 |
_aCDMR _bcat _cCDMR |
||
| 245 | 0 | 0 |
_aPaíses y medios de comunicación _b: estructura mundial de transmisión de noticias _c[Ana Carrascal ... [et al.]] |
| 260 |
_aBarcelona _c1986 _bMitre |
||
| 300 | _a282 p. | ||
| 490 | 0 |
_aEnciclopedia de periodismo _v2 |
|
| 650 | 0 | 4 |
_94180 _aSistemes de telecomunicació |
| 650 | 0 | 4 |
_9405 _aMitjans de comunicació de massa |
| 650 | 0 | 4 |
_92190 _aComunicació internacional |
| 942 |
_cMON _2udc |
||
| 999 |
_c5388 _d5388 |
||